000 00898nam a2200253Ia 4500
003 OSt
005 20221005103512.0
006 a|||||r|||| 00| 0
007 ta
008 221004b |||||||| |||| 00| 0 hin d
024 _a31936
037 _cTextual
040 _aCRL
_cCRL
_bhin
041 _2hin
_ahin
082 _aR65, N3
100 _aभट्टाचार्य, कृष्णचन्द्र
245 0 _aवेदान्त
_b एक नवीन दृष्टि
246 _aVedānta: ek navīn dṛuṣhṭi
260 _aजयपुर
_bराजस्थान हिन्दी ग्रंथ अकादमी भारत
_c1993
300 _a93पृ.
_ccm.
650 _aधर्म दर्शन
942 _hR65, N3
_cTEXL
_2cc
999 _c1010220
_d1010220